=LDR 00000nam 2200000 4500 =001 INLIS000000000058348 =005 20210915073320 =035 ##$$a 0010-0921000152 =007 ta =008 210915###########################0#ind## =020 ##$$a 978-979-29-1407-8 =082 ##$$a 338.1 =084 ##$$a 338.1 Bam d =245 1#$$a 23 Peluang Usaha TOP Bidang Agribisnis : $b Panduan Lengkap Menjadi Farmprenur Unggulan /$c Bambang Prasetio =250 ##$$a Cet.1 =300 ##$$a vi, 238 halaman : $b Ilustrasi ; $c 18 Cm. =650 #4$$a Pertanian - Industri =264 ##$$a Yogyakarta :$b Andi,$c 2010 =336 ##$$a teks$2 rdacontent =337 ##$$a lain-lain$2 rdamedia =338 ##$$a lain-lain$2 rdacarrier =990 ##$$a 09560956 =990 ##$$a 09560956